000 00342 a2200157 4500
001 192999
020 _a978-85-7406-709-4
040 _cMagnum
100 _aTorero, José Roberto
240 1 0 _aJoões e marias
_lpor
245 1 0 _aJoões e marias
300 _a47
362 0 _a2017
697 _aLITERATURA INFANTO-JUVENIL
942 _cBK
999 _c192999
_d192999